Logic of Experimentation (Record no. 63784)

MARC details
000 -LEADER
fixed length control field 02396nam a2200229Ii 4500
008 - FIXED-LENGTH DATA ELEMENTS--GENERAL INFORMATION
fixed length control field 221202s xx 000 0 und d
100 1# - MAIN ENTRY--PERSONAL NAME
Personal name de Assis, Paulo,
Relator term author
245 #0 - TITLE STATEMENT
Title Logic of Experimentation
246 ## - VARYING FORM OF TITLE
Title proper/short title Reshaping Music Performance in and through Artistic Research
264 #1 - PRODUCTION, PUBLICATION, DISTRIBUTION, MANUFACTURE, AND COPYRIGHT NOTICE
Place of production, publication, distribution, manufacture Leuven
Name of producer, publisher, distributor, manufacturer Leuven University Press
Date of production, publication, distribution, manufacture, or copyright notice 2018
300 ## - PHYSICAL DESCRIPTION
Extent 1 online resource (260 pages)
336 ## - CONTENT TYPE
Content type term text
Content type code txt
Source rdacontent
337 ## - MEDIA TYPE
Media type term computer
Media type code c
Source rdamedia
338 ## - CARRIER TYPE
Carrier type term online resource
Carrier type code cr
Source rdacarrier
490 ## - SERIES STATEMENT
Series statement Orpheus Institute Series
520 ## - SUMMARY, ETC.
Summary, etc. Beyond interpretation: a proposal for experimental performance practices Logic of Experimentation offers several innovative and ground-breaking perspectives on music performance, music ontology, research methodologies and ethics of performance. It proposes new modes of thinking and exposing past musical works to contemporary audiences, arguing for a new kind of performer, emancipated from authoritative texts and traditions, whose creativity is propelled by intensive research and inventive imagination. Moving beyond the work-concept, Logic of Experimentation presents a new image of musical works, based upon the notions of strata, assemblage and diagram, advancing innovative practice-based methodologies that integrate archival and musicological research into the creative process leading to a performance. Beyond representational modes of performance—be it mainstream or historically informed performance practices—Logic of Experimentation creates an ontological, methodological and ethical space for experimental performance practices, arguing for a new mode of performance. Written in an experimental style, its eight chapters appropriate music performance concepts from post-structural philosophy, psychoanalysis, science and technology studies, epistemology and semiotics, displaying how transdisciplinarity is central to artistic research. An indispensable contribution to artistic research in music, Logic of Experimentation is compelling reading for music performers, composers, musicologists, philosophers and artist researchers alike.
653 ## - INDEX TERM--UNCONTROLLED
Uncontrolled term Artistic Research
653 ## - INDEX TERM--UNCONTROLLED
Uncontrolled term Music Ontology
653 ## - INDEX TERM--UNCONTROLLED
Uncontrolled term Music Performance
856 ## - ELECTRONIC LOCATION AND ACCESS
Uniform Resource Identifier <a href="https://library.oapen.org/bitstream/20.500.12657/28242/1/LOGIC%20OF%20EXPERIMENTATION_285x195__DEF-e.pdfhttp://library.oapen.org/handle/20.500.12657/28242">https://library.oapen.org/bitstream/20.500.12657/28242/1/LOGIC%20OF%20EXPERIMENTATION_285x195__DEF-e.pdfhttp://library.oapen.org/handle/20.500.12657/28242</a>
942 ## - ADDED ENTRY ELEMENTS (KOHA)
Koha item type E-Book
Holdings
Withdrawn status Damaged status Not for loan Home library Current library Date acquired Total Checkouts Date last seen Price effective from Koha item type
      Directory of Open Access Books Directory of Open Access Books 11/28/2022   11/28/2022 11/28/2022 E-Book

University of Rizal System
Email us at univlibservices@urs.edu.ph

Visit our Website www.urs.edu.ph/library